Plain and reinforced concrete II (Record no. 554007)
[ view plain ]
| 000 -LEADER | |
|---|---|
| fixed length control field | 00295nam a22001097a 4500 |
| 082 ## - DEWEY DECIMAL CLASSIFICATION NUMBER | |
| Classification number | CP-68 |
| Author Mark | CE-310 |
| 100 ## - MAIN ENTRY--PERSONAL NAME | |
| Personal name | Muhammad Safdar, Maj |
| 9 (RLIN) | 51282 |
| 245 ## - TITLE STATEMENT | |
| Title | Plain and reinforced concrete II |
| 260 ## - PUBLICATION, DISTRIBUTION, ETC. | |
| Place of publication, distribution, etc. | Risalpur, |
| Name of publisher, distributor, etc. | MCE, |
| Date of publication, distribution, etc. | Fall semester 2015. |
| 526 ## - STUDY PROGRAM INFORMATION NOTE | |
| Program name | 0 |
| Interest level | 0 |
| Reading level | 0 |
| Title point value | CP_68_CE310 |
| 942 ## - ADDED ENTRY ELEMENTS (KOHA) | |
| Source of classification or shelving scheme | |
| Koha item type | Book Bank |
| Withdrawn status | Lost status | Source of classification or shelving scheme | Damaged status | Not for loan | Permanent Location | Current Location | Date acquired | Total Checkouts | Full call number | Barcode | Date last seen | Price effective from | Koha item type |
|---|---|---|---|---|---|---|---|---|---|---|---|---|---|
| Military College of Engineering (MCE) | Military College of Engineering (MCE) | 12/13/2017 | CP-68 CE-310 | MCE-CP-68 | 12/13/2017 | 12/13/2017 | Book Bank |
